Servië Trivia Quiz - Statistieken

Algemene statistieken
  • Deze quiz is 390 keer genomen
  • De gemiddelde score is 10 van 15
Antwoordstatistieken
Hint Antwoord % Correct
Hoofdstad Belgrado
93%
Voormalig land dat bestond uit Servië, Kroatië, Bosnië enzovoorts Joegoslavië
89%
Betwiste regio die in 2008 onafhankelijk werd verklaard Kosovo
85%
De hoofdstad is gebouwd waar deze twee rivieren samenkomen Donau
82%
Land waar Servië de langste grens mee deelt Roemenië
80%
Schiereiland waarop Servië ligt Balkan
75%
Tennisser die vanaf 2011 in totaal 373 weken de nummer één van de wereld was Novak Djokovic
74%
In 1914 veroorzaakte een Bosnische Serviër genaamd Gavrilo Princip wat problemen toen hij deze koninklijke erfgenaam vermoordde Frans Ferdinand
67%
Internationale organisatie waardoor Servië in 1999 is gebombardeerd NAVO
67%
"Welwillende dictator" die dat land regeerde van 1953 tot 1980 Josip Broz Tito
57%
Servische uitvinder die heeft bijgedragen aan het realiseren van A/C-stroom Nikola Tesla
54%
Sport die Vlade Divac en Nikola Jokić spelen Basketbal
49%
Valuta Dinar
43%
Op één na grootste stad Novi Sad
43%
De hoofdstad is gebouwd waar deze twee rivieren samenkomen Sava
28%
Geen overeenkomende quizzen gevonden
Scoreverdeling
Procent van Mensen met Elke Score
Percentiel versus Aantal Correcte Antwoorden
Uw Scoregeschiedenis
U heeft deze quiz nog niet genomen